Gustav Le Bon: Az igazságok élete
Elmentve itt :
| Szerző: | |
|---|---|
| Adatforrás: | Philobibl |
| Forrásdokumentuma: | Athenaeum 1920. 6. köt., 88-91. p. |
| Dokumentumtípus: | Cikk |
| Nyelv: | magyar |
| LEADER | 00341nab a2200109 c 4500 | ||
|---|---|---|---|
| 001 | bibDOK00015621 | ||
| 005 | 20200924121025.7 | ||
| 008 | 060518s1920 hu hun | ||
| 100 | 2 | |a Halasy-Nagy József | |
| 245 | 1 | 0 | |a Gustav Le Bon: Az igazságok élete |c Halasy-Nagy József |
| 500 | |a Fordította Benedek Marcell | ||
| 773 | 0 | |t Athenaeum |g 1920. 6. köt., 88-91. p. | |